000 00211nam a2200085Ia 4500
008 180219s9999 xx 000 0 und d
100 _aRadehsyam
245 0 _aBharat Gurav Swami Vivekanand
260 _a"Mathura
260 _cPragati Prakasion"
999 _c42710
_d42710